Troubles mentaux et troubles nerveux de guerre / (Record no. 57965)

MARC details
000 -LEADER
campo de control de longitud fija 00432nam a2200145 i 4500
001 - NÚMERO DE CONTROL
campo de control 57965
003 - IDENTIFICADOR DE NÚMERO DE CONTROL
campo de control ES-MaACL
007 - CAMPO FIJO DE DESCRIPCIÓN FÍSICA--INFORMACIÓN GENERAL
campo de control de longitud fija t|
008 - DATOS DE LONGITUD FIJA--INFORMACIÓN GENERAL
campo de control de longitud fija 031020s1919 fr ||||1| fre d
100 1# - ENTRADA PRINCIPAL--NOMBRE DE PERSONA
Nombre de persona Dumas, Georges.
9 (RLIN) 45987
245 10 - MENCIÓN DEL TÍTULO
Título Troubles mentaux et troubles nerveux de guerre /
Mención de responsabilidad, etc. par Georges Dumas.
260 ## - PUBLICACIÓN, DISTRIBUCIÓN, ETC.
Lugar de publicación, distribución, etc. París :
Nombre del editor, distribuidor, etc. [s.n.,
Fecha de publicación, distribución, etc. 1919] (
Lugar de fabricación/manufactura Saint-Amand, Cher :
Fabricante Bussière)
300 ## - DESCRIPCIÓN FÍSICA
Extensión 228 p. ;
Dimensiones 19 cm.
852 ## - LOCALIZACIÓN
Ubicación ES-MaACL
Número de control de estantería B-6805
Holdings
Estatus retirado Estado de pérdida Estado de daño No para préstamo Biblioteca de origen Biblioteca actual Ubicación en estantería Fecha de adquisición Fuente de adquisición Total de préstamos Signatura topográfica completa Código de barras Visto por última vez Precio de reemplazo Tipo de ítem Koha
        Biblioteca del Ateneo de Madrid Biblioteca del Ateneo de Madrid Sala Pardo Bazán 17/01/2008     B-6805 1060837 23/02/2023 23/02/2023 Libro impreso